2022 Melbourne Demons AFL Team Quiz - Statistics

General Stats
  • This quiz has been taken 230 times
    185 since last reset
  • The average score is 25 of 43
Answer Stats
No. Player Name % Correct
5 Christian Petracca
95%
11 Max Gawn
93%
1 Steven May
92%
13 Clayton Oliver
91%
7 Jack Viney
91%
50 Ben Brown
88%
8 Jake Lever
88%
36 Kysaiah Pickett
82%
3 Christian Salem
81%
10 Angus Brayshaw
78%
31 Bayley Fritsch
76%
9 Charlie Spargo
75%
15 Ed Langdon
75%
38 Mitch Brown
75%
25 Tom McDonald
75%
6 Luke Jackson
73%
4 James Harmes
70%
18 Jake Melksham
68%
17 Jake Bowey
66%
32 Tom Sparrow
65%
35 Harrison Petty
61%
24 Trent Rivers
61%
30 Alex Neal-Bullen
59%
14 Michael Hibberd
55%
29 Jayden Hunt
54%
23 James Jordan
50%
44 Joel Smith
46%
37 Kade Chandler
46%
20 Adam Tomlinson
43%
34 Deakyn Smith
43%
21 Jacob Van Rooyen
41%
12 Toby Bedford
38%
16 Bailey Laurie
35%
26 Sam Weideman
35%
27 Luke Dunstan
32%
41 Judd Mcvee
30%
42 Daniel Turner
27%
33 Oskar Baker
26%
22 Blake Howes
25%
28 Majak Daw
25%
40 Taj Woewodin
24%
45 Andy Moniz-Wakefield
15%
19 Fraser Rosman
14%
No matching quizzes found
Score Distribution
Percent of People with Each Score
Percentile by Number Answered
Your Score History
You have not taken this quiz since the last reset